Statistics for Demographics of Melbourne - Language spoken at home by region

Click here to take the quiz!

General Stats

  • This quiz has been taken 225 times
  • The average score is 9 of 14

Answer Stats

Answer% Correct
Mandarin
95%
Italian
94%
Arabic
92%
Greek
91%
Vietnamese
89%
Cantonese
86%
German
80%
Russian
62%
Turkish
62%
Tagalog / Filipino
59%
Punjabi
58%
Sinhalese
31%
Macedonian
19%
Chaldean Neo-Aramaic
3%

Score Distribution

Percentile by Number Answered

Percent of People with Each Score

Your Score History

You have not taken this quiz